000 00335nam a22001457a 4500
005 20240708134738.0
008 240708b |||||||| |||| 00| 0 eng d
020 _a978-93-5266-508-2
041 _aeng
100 _aGIJUBHAI
_98457
245 _aDIWASWAPAN
260 _aNEW DELHI
_bPRABHAT PAPERBACKS
300 _a120; P
942 _cBK
999 _c8577
_d8575